Statistics for SAT Words HARD Click Quiz - G #2

Click here to take the quiz!

General Stats

  • This quiz has been taken 101 times
  • The average score is 9 of 15

Answer Stats

HintAnswer% Correct
Enormous, giganticGargantuan
93%
Governor or ruler of a stateGubernator
86%
Lean, thin, or bony in appearanceGaunt
81%
Social or diplomatic faux pasGaffe
78%
Reflection of region in a wine's taste; taste of the landGoût de terroir
78%
The phenomenon of speaking in tonguesGlossolalia
77%
Have a paralyzing or mesmerizing effect on someoneGorgonize
64%
Marked by a protuberance; humpbackedGibbous
59%
Old female catGrimalkin
59%
Impersonal social relationship based on mutual interestGesellschaft
57%
Pregnant or full of eggsGravid
52%
Extravagant boasting; exaggerative bravadoGasconade
48%
Manager or executiveGerent
42%
Something that can be used to one's advantageGrist
36%
Ankle shackle; manacleGyve
25%

Score Distribution

Percentile by Number Answered

Percent of People with Each Score

Your Score History

You have not taken this quiz